[Event "Titled Tue 1st Jul Late"]
[Site "chess.com INT"]
[Date "2025.07.01"]
[Round "7"]
[White "Bazan Romero, Octavio Aaron"]
[Black "Foldes, Marton Gabor"]
[Result "1-0"]
[WhiteTitle "FM"]
[BlackTitle "FM"]
[WhiteElo "2289"]
[BlackElo "2295"]
[WhiteFideId "20003943"]
[BlackFideId "794708"]
[EventDate "2025.07.01"]

1. d4 Nf6 2. Nf3 b6 3. g3 Bb7 4. Bg2 d5 5. O-O Nbd7 6. c4 e6 7. Nc3 Be7 8. Ne5
c6 9. e4 Nxe5 10. dxe5 Nxe4 11. Nxe4 dxe4 12. Bxe4 Qc7 13. f4 h5 14. Be3 h4 15.
Qf3 O-O-O 16. c5 Bxc5 17. Bxc5 bxc5 18. Rac1 Qb6 19. Rf2 Rd4 20. Rfc2 hxg3 21.
hxg3 c4 22. Kf1 Rxe4 23. Qxe4 c5 24. Qe3 Qc6 25. Rf2 c3 26. bxc3 c4 27. Ke2 Qd5
28. Qd4 Qb5 29. Rc2 Qa4 30. Rd2 Qc6 31. Kd1 Rh1+ 32. Ke2 Qc7 33. Qd6 Be4 34.
Qxc7+ Kxc7 35. Rd4 Bd3+ 36. Kd2 Ra1 37. Ke3 Re1+ 38. Kf3 Rc1 39. Rd2 Rxc3 40.
Kg4 Bf5+ 41. Kh4 Rc1 42. Rd7+ Kb6 43. Rxf7 c3 44. Rd6+ Kc5 45. Rc7+ Kb5 46. Rb7+
Kc4 47. Rxa7 c2 48. Rc7+ Kb4 49. Kg5 Rg1 50. Rb6+ Ka5 51. Rb8 1-0

[Event "Titled Tue 1st Jul Late"]
[Site "chess.com INT"]
[Date "2025.07.01"]
[Round "7"]
[White "Angulo Perez, Sebastian"]
[Black "Araujo Filho, Luiz Antonio Coel"]
[Result "1-0"]
[WhiteTitle "CM"]
[WhiteElo "2025"]
[BlackElo "2077"]
[WhiteFideId "6544045"]
[BlackFideId "2130661"]
[EventDate "2025.07.01"]

1. e4 c6 2. d4 d5 3. e5 Bf5 4. h4 h5 5. Bd3 Bxd3 6. Qxd3 e6 7. Be3 Ne7 8. Nd2
Nf5 9. Ngf3 Be7 10. Bg5 Bxg5 11. Nxg5 Qc7 12. Nb3 Na6 13. O-O-O O-O-O 14. Qc3
Kb8 15. Nc5 Nxc5 16. Qxc5 Ka8 17. Rd3 b6 18. Qa3 a5 19. g3 Kb7 20. Rhd1 Ra8 21.
Rb3 Kc8 22. Rc3 b5 23. Qc5 Kb7 24. Rb3 Qb6 25. Qxb6+ Kxb6 26. Nxf7 Rhf8 27. Ng5
Rae8 28. Rf3 c5 29. c3 g6 30. Rf4 Rg8 31. Kb1 Rg7 32. Rd2 Rc7 33. Rc2 Rc6 34. a3
Rc7 35. dxc5+ Kxc5 36. b4+ Kb6 37. Kb2 a4 38. Rf3 Rc4 39. Re2 Re7 40. Rd3 Kc6
41. Re1 Kb6 42. Nf3 Rec7 43. Rc1 Kb7 44. Nd4 Nxd4 45. Rxd4 Kb6 46. Re1 R7c6 47.
Re3 Kb7 48. Rf3 Kb6 49. Rf6 Rxd4 50. cxd4 Rc4 51. Rxe6+ Kc7 52. Rxg6 Rxd4 53.
Kc3 Re4 54. Rd6 Rxe5 55. Rf6 1-0

[Event "Titled Tue 1st Jul Late"]
[Site "chess.com INT"]
[Date "2025.07.01"]
[Round "7"]
[White "Hobson, Kenneth"]
[Black "Mata Gonzalez, Jose Fernando"]
[Result "0-1"]
[WhiteTitle "FM"]
[BlackTitle "CM"]
[WhiteElo "2361"]
[BlackElo "2164"]
[WhiteFideId "480819"]
[BlackFideId "5107423"]
[EventDate "2025.07.01"]

1. e4 e5 2. Nf3 Nc6 3. Bb5 a6 4. Ba4 Nf6 5. Nc3 b5 6. Bb3 Be7 7. Nd5 d6 8. O-O
O-O 9. c3 Nxe4 10. d4 exd4 11. Re1 Nf6 12. Nxe7+ Nxe7 13. Bg5 Ng6 14. Nxd4 Bd7
15. a4 h6 16. Be3 Ng4 17. Qf3 N6e5 18. Qg3 h5 19. h3 h4 20. Qf4 Nd3 21. Qe4 Nge5
22. Red1 c5 23. Nf5 Qf6 24. Nxh4 c4 25. Bc2 Bc6 26. Qd4 Nxb2 27. Rdb1 Nbd3 28.
Rd1 g5 29. axb5 axb5 30. f4 Rxa1 31. Rxa1 gxh4 32. fxe5 Qxe5 33. Qg4+ Qg7 34.
Bxd3 Qxg4 35. hxg4 cxd3 36. Ra6 Rc8 37. Kh2 Kg7 38. Kh3 Kg6 39. Kxh4 f5 40.
gxf5+ Kxf5 41. Kg3 Ke4 42. Bd2 d5 43. Kf2 Rf8+ 44. Ke1 Rf6 45. Ra7 d4 46. Re7+
Kd5 47. cxd4 Kxd4 48. Rc7 Re6+ 49. Kd1 Kc4 50. g4 b4 51. g5 b3 52. Kc1 Kd5 53.
Rc8 Re2 54. Rd8+ Kc4 55. Rc8 b2+ 56. Kxb2 Rxd2+ 57. Kb1 Kb5 58. g6 Rg2 0-1

[Event "Titled Tue 1st Jul Late"]
[Site "chess.com INT"]
[Date "2025.07.01"]
[Round "7"]
[White "Manukyan, Sargis A."]
[Black "Zhuravlev, Alexey"]
[Result "1-0"]
[WhiteTitle "FM"]
[BlackTitle "FM"]
[WhiteElo "2294"]
[BlackElo "2359"]
[WhiteFideId "13303970"]
[BlackFideId "4164199"]
[EventDate "2025.07.01"]

1. d4 Nf6 2. c4 g6 3. Nc3 Bg7 4. Nf3 d6 5. Bg5 O-O 6. e3 Nc6 7. Be2 e5 8. dxe5
Nxe5 9. Nxe5 dxe5 10. Qxd8 Rxd8 11. Nd5 Rd6 12. Nxc7 Rb8 13. Nb5 Rb6 14. O-O-O
Be6 15. Bxf6 Bxf6 16. Rd6 Rxd6 17. Nxd6 Be7 18. Nb5 Rc8 19. Nxa7 Ra8 20. Nb5
Rxa2 21. Kb1 Ra4 22. b3 Ra5 23. Bf3 b6 24. Rd1 f5 25. Bd5 Kf7 26. e4 Bc5 27. f3
Ke7 28. Bxe6 Kxe6 29. Rd8 fxe4 30. fxe4 h5 31. h3 Kf6 32. Rc8 Kg5 33. Nc7 Kf4
34. b4 Bxb4 35. Nd5+ Kxe4 36. Nxb4 Rc5 37. Rg8 Rxc4 38. Nc2 Rc6 39. Kc1 Kf4 40.
Kd2 e4 41. Ne3 b5 42. Ke2 Kg3 43. Re8 Kf4 44. Rb8 Rc5 45. Rb6 g5 46. g4 h4 47.
Kf2 Ke5 48. Rb8 Kd4 49. Rd8+ Kc3 50. Nd5+ Kd4 51. Nf6+ Kc4 52. Nxe4 Re5 53. Ke3
b4 54. Rc8+ Kb3 55. Kd4 Re7 56. Nc5+ Ka2 57. Ra8+ Kb2 58. Nd3+ Kb3 59. Rb8 Rd7+
60. Ke3 Re7+ 61. Kd2 Re4 62. Nc5+ 1-0

[Event "Titled Tue 1st Jul Late"]
[Site "chess.com INT"]
[Date "2025.07.01"]
[Round "7"]
[White "Sargsyan, Shant"]
[Black "Moroni, Luca Jr"]
[Result "0-1"]
[WhiteTitle "GM"]
[BlackTitle "GM"]
[WhiteElo "2669"]
[BlackElo "2549"]
[WhiteFideId "13306766"]
[BlackFideId "865834"]
[EventDate "2025.07.01"]

1. c4 b6 2. e4 Bb7 3. Nc3 Nf6 4. Qc2 e5 5. Nf3 Nc6 6. a3 Nd4 7. Nxd4 exd4 8. Nd5
c6 9. Nxf6+ Qxf6 10. Bd3 Bd6 11. b4 c5 12. b5 g5 13. a4 a5 14. bxa6 Rxa6 15. O-O
h5 16. Re1 Be5 17. Rb1 h4 18. Bf1 h3 19. g3 Kf8 20. d3 Bc6 21. Qe2 Bxa4 22. Qg4
Rg8 23. Qxh3 g4 24. Qh5 Bc6 25. Bg2 Ra2 26. Rb2 Ra3 27. Rxb6 Rxd3 28. Qh7 Rc3
29. Bh6+ Ke7 30. Qxg8 Qxh6 31. Qxg4 Qd2 32. Rf1 Rc1 33. Qh4+ Bf6 34. Qg4 d3 35.
h4 Bd4 36. Qf5 Rxf1+ 37. Bxf1 Qe1 38. Qg5+ f6 39. Qg7+ Ke6 40. Qg8+ Kd6 41. Qf8+
Ke6 42. Qe8+ Kd6 43. e5+ Bxe5 44. Qf8+ Ke6 45. Rb8 d2 46. Re8+ Kf5 47. Rxe5+
Qxe5 48. Qf7 Qd4 49. Qh7+ Ke6 50. Qg8+ Kd6 51. Qb8+ Ke7 0-1

[Event "Titled Tue 1st Jul Late"]
[Site "chess.com INT"]
[Date "2025.07.01"]
[Round "7"]
[White "Motola, Jacopo"]
[Black "Gabrielian, Artur"]
[Result "1-0"]
[WhiteTitle "FM"]
[BlackTitle "GM"]
[WhiteElo "2330"]
[BlackElo "2419"]
[WhiteFideId "863190"]
[BlackFideId "4131002"]
[EventDate "2025.07.01"]

1. e4 c5 2. Nf3 d6 3. d4 cxd4 4. Nxd4 Nf6 5. Nc3 Nc6 6. Bg5 Bd7 7. Qd2 Rc8 8.
O-O-O Nxd4 9. Qxd4 Qa5 10. Bxf6 gxf6 11. Kb1 Qc5 12. Qxc5 Rxc5 13. Rd5 Rxc3 14.
bxc3 e6 15. Rd1 Bc6 16. f3 Ke7 17. Bc4 Bh6 18. Rhe1 b5 19. Bd5 Bd7 20. Bb3 a5
21. a3 Rc8 22. Rd3 a4 23. Ba2 Bf8 24. Red1 Rc6 25. Rd4 Bh6 26. c4 Be3 27. cxb5
Rb6 28. Rb4 Bc5 29. Rxa4 Rxb5+ 30. Bb3 Rb8 31. Ra5 Bb5 32. Ka2 Be2 33. Re1 Bb5
34. a4 Bd7 35. Rb1 Rc8 36. Bc4 Bd4 37. Bd3 Rc7 38. Ra8 e5 39. Rab8 Be6+ 40. c4
Bc8 41. a5 f5 42. exf5 Kf6 43. R1b5 Bd7 44. R8b6 Bxb6 45. axb6 Rb7 46. Rb4 Bc6
47. Be4 Bxe4 48. fxe4 Ke7 49. Kb3 Kd7 50. Rb5 Kc6 51. Kb4 Rxb6 52. Rxb6+ Kxb6
53. g4 h6 54. h4 f6 55. g5 hxg5 56. hxg5 fxg5 57. f6 g4 58. f7 g3 59. f8=Q g2
60. Qf2+ 1-0

[Event "Titled Tue 1st Jul Late"]
[Site "chess.com INT"]
[Date "2025.07.01"]
[Round "7"]
[White "Shuvalov, Evgenij"]
[Black "Gholami Orimi, Mahdi"]
[Result "0-1"]
[BlackTitle "GM"]
[WhiteElo "1986"]
[BlackElo "2511"]
[WhiteFideId "4187237"]
[BlackFideId "12558486"]
[EventDate "2025.07.01"]

1. d4 f5 2. Nf3 Nf6 3. g3 g6 4. Bg2 Bg7 5. O-O O-O 6. c3 d6 7. Qb3+ e6 8. Ng5 d5
9. c4 c6 10. Nc3 h6 11. Nf3 Nbd7 12. Bf4 g5 13. Bd6 Rf7 14. Ne5 Nxe5 15. Bxe5
Ng4 16. Bxg7 Kxg7 17. e3 f4 18. exf4 gxf4 19. Ne2 dxc4 20. Qc3 Nf6 21. Nxf4 Nd5
22. Nh5+ Kh8 23. Qxc4 Qg5 24. Qe2 Rf5 25. Bxd5 exd5 26. g4 Rf7 27. h3 Bf5 28. f4
Qg6 29. Qe5+ Kh7 30. Kh2 Bd7 31. f5 Qg5 32. Qf4 Qh4 33. Qg3 Qg5 34. Rae1 Rg8 35.
Re5 c5 36. dxc5 d4 37. Rfe1 Bc6 38. Qf4 Qh4 39. Qxd4 Rd7 40. Re7+ Rxe7 41. Nf6+
Qxf6 42. Qxf6 Rxe1 43. Qf7+ Rg7 44. Qf6 Re2+ 45. Kg3 Rg2+ 46. Kh4 Rc2 47. Qe6
Rf2 48. f6 Rg8 49. f7 Rf8 50. Qe3 R2xf7 51. Kh5 Rf6 52. Qe7+ R8f7 53. Qe5 Kg7
54. h4 Kh7 55. Qe3 Bf3 56. Qd3+ Kg7 0-1

[Event "Titled Tue 1st Jul Late"]
[Site "chess.com INT"]
[Date "2025.07.01"]
[Round "7"]
[White "Santos, Antonio P"]
[Black "Gonzalez Mojica, Renan Arturo"]
[Result "1/2-1/2"]
[WhiteTitle "FM"]
[BlackTitle "FM"]
[WhiteElo "2165"]
[BlackElo "2098"]
[WhiteFideId "1900161"]
[BlackFideId "4482379"]
[EventDate "2025.07.01"]

1. d4 d6 2. c4 e5 3. d5 f5 4. Nc3 Nf6 5. e4 fxe4 6. Nge2 Bg4 7. Qc2 Na6 8. Nxe4
Nxe4 9. Qxe4 Bd7 10. Nc3 Be7 11. Be2 O-O 12. O-O Bf5 13. Qe3 Nb4 14. Qd2 Nc2 15.
Rb1 Nd4 16. Bd3 Bg5 17. Qd1 c6 18. Bxf5 Rxf5 19. f4 Bf6 20. Ne4 exf4 21. Bxf4
cxd5 22. cxd5 Rxd5 23. Nxf6+ Qxf6 24. Be3 Qe5 25. Bxd4 Qxd4+ 26. Qxd4 Rxd4 27.
Rbd1 Rxd1 28. Rxd1 Rd8 29. Kf2 Kf7 30. Ke3 Ke6 31. Kd4 Rf8 32. Rd2 Kd7 33. Re2
Rf4+ 34. Ke3 Rf5 35. Kd4 Rf4+ 36. Ke3 Rf7 37. Kd4 Re7 38. Rc2 Re5 39. Rf2 Re7
40. Rc2 Re5 41. Rf2 Ke6 42. Rc2 Rd5+ 43. Ke4 Ra5 44. a3 Ra4+ 45. Kd3 Kd5 46. Rc7
Rg4 47. g3 Rg6 48. Rxb7 Rh6 49. Rxg7 Rxh2 50. Kc3 Rg2 51. b4 a6 52. a4 Rf2 53.
Rg5+ Kc6 54. Kc4 Rf3 55. b5+ axb5+ 56. axb5+ Kb6 57. Rd5 Rxg3 58. Rxd6+ Kc7 59.
Rh6 Rg7 60. Kc5 Rg5+ 61. Kb4 Rg7 62. Ka5 Kb7 63. Re6 Rc7 64. Rh6 Rg7 65. Rb6+
Ka7 66. Rh6 Kb7 1/2-1/2

[Event "Titled Tue 1st Jul Late"]
[Site "chess.com INT"]
[Date "2025.07.01"]
[Round "7"]
[White "Stojanovski, Sandi"]
[Black "Leenhouts, Koen"]
[Result "1/2-1/2"]
[WhiteTitle "FM"]
[BlackTitle "GM"]
[WhiteElo "2169"]
[BlackElo "2476"]
[WhiteFideId "1403249"]
[BlackFideId "1008439"]
[EventDate "2025.07.01"]

1. d3 e5 2. Nf3 Nc6 3. g3 g6 4. Bg2 Bg7 5. O-O Nge7 6. c4 O-O 7. Nc3 d6 8. Rb1
a5 9. a3 h6 10. b4 axb4 11. axb4 Be6 12. Nd2 Qd7 13. b5 Nd8 14. Nd5 Nxd5 15.
cxd5 Bh3 16. Qc2 Bxg2 17. Kxg2 b6 18. Rb4 Nb7 19. Rc4 Nc5 20. Rb4 Ra5 21. Nb3
Rxb5 22. Rxb5 Qxb5 23. Nxc5 bxc5 24. Bd2 Rb8 25. Bc3 c4 26. dxc4 Qxc4 27. Qd2
Rb5 28. Rd1 h5 29. h4 Kh7 30. Qd3 Qxd3 31. Rxd3 e4 32. Re3 Rxd5 33. Bxg7 Kxg7
34. Rxe4 Rd2 35. Re7 d5 36. Rxc7 Rxe2 37. Rd7 Rd2 38. Kf3 Kf6 39. Ke3 Rd1 40.
Ke2 Rd4 41. Ke3 Re4+ 42. Kd3 Re5 43. Rd8 Kf5 44. Rd7 f6 45. Rd6 g5 46. f3 gxh4
47. gxh4 Kg6 48. Kd2 Rf5 49. Ke3 Re5+ 50. Kd4 Re1 51. Kd3 Rh1 52. Rxd5 Rd1+ 53.
Ke4 Rxd5 54. Kxd5 Kf5 55. Kd6 Kf4 56. Ke6 Kxf3 57. Kxf6 Kg4 58. Ke5 Kxh4 59. Kf4
Kh3 60. Kf3 Kh2 61. Kf2 h4 62. Kf1 h3 63. Kf2 Kh1 64. Kf1 h2 65. Kf2 1/2-1/2

[Event "Titled Tue 1st Jul Late"]
[Site "chess.com INT"]
[Date "2025.07.01"]
[Round "7"]
[White "Bortnyk, Olexandr"]
[Black "Kravtsiv, Martyn"]
[Result "0-1"]
[WhiteTitle "GM"]
[BlackTitle "GM"]
[WhiteElo "2601"]
[BlackElo "2598"]
[WhiteFideId "14120828"]
[BlackFideId "14113147"]
[EventDate "2025.07.01"]

1. d4 d5 2. Nc3 Nf6 3. Bf4 g6 4. e3 Bg7 5. h4 h5 6. Nf3 O-O 7. Ne5 c5 8. Qd2 Nc6
9. Bb5 cxd4 10. exd4 Nxe5 11. Bxe5 Ne4 12. Nxe4 Bxe5 13. Ng5 Bg7 14. c3 f6 15.
Nf3 Kh7 16. O-O Bg4 17. Nh2 Bf5 18. Bd3 Qd7 19. Rae1 Rae8 20. Bxf5 Qxf5 21. Re2
Bh6 22. Qd1 Bf4 23. Nf3 Rg8 24. Rfe1 e6 25. Qa4 g5 26. Qd7+ Kh6 27. Rxe6 g4 28.
Ng5 Bxg5 29. hxg5+ Kxg5 30. Rxe8 Qxd7 31. Rxg8+ Kf5 32. Rh8 Kg6 33. Ree8 Qa4 34.
Reg8+ Kf7 35. Rd8 Qd1+ 36. Kh2 Qd2 37. Kg3 Qxb2 38. Rxh5 Qxc3+ 39. Kxg4 Qxd4+
40. Kg3 Qc3+ 41. Kg4 Qc4+ 42. Kh3 Qxa2 43. f3 Qa1 44. Rhxd5 Qh1+ 45. Kg3 Qe1+
46. Kg4 Qe6+ 47. Kh5 Qc6 48. R8d6 Qc8 49. Rd7+ Ke6 50. Kg6 Qxd7 51. Rxd7 Kxd7
52. Kxf6 a5 53. g4 a4 54. g5 a3 55. g6 a2 56. g7 a1=Q+ 57. Kf7 Qa2+ 58. Kf8 Qa8+
59. Kf7 Qa2+ 60. Kg6 Qe6+ 61. Kh7 Qf5+ 62. Kh8 Qh3+ 63. Kg8 Qxf3 64. Kh7 Qh5+
65. Kg8 Qg5 66. Kf8 b5 0-1

[Event "Titled Tue 1st Jul Late"]
[Site "chess.com INT"]
[Date "2025.07.01"]
[Round "7"]
[White "Chakrabarti, Brejesh"]
[Black "Tan, Zhongyi"]
[Result "1-0"]
[WhiteTitle "FM"]
[BlackTitle "GM"]
[WhiteElo "2282"]
[BlackElo "2546"]
[WhiteFideId "30969280"]
[BlackFideId "8603642"]
[EventDate "2025.07.01"]

1. c4 e6 2. g3 d5 3. Bg2 dxc4 4. Qa4+ Nd7 5. Qxc4 a6 6. Qc2 c5 7. Nf3 Ngf6 8.
O-O Be7 9. Nc3 O-O 10. Rd1 Ra7 11. d4 b6 12. d5 exd5 13. Nxd5 Nxd5 14. Rxd5 Qe8
15. Bf4 Nf6 16. Rd2 Rd7 17. Rad1 Rxd2 18. Rxd2 Bg4 19. Ne5 Be6 20. b3 Nh5 21.
Be3 Bf6 22. Nc4 Qb8 23. Bf3 g6 24. Bxh5 Bf5 25. Qd1 gxh5 26. Bf4 Qa7 27. Nd6 Bg6
28. e4 Bd4 29. Nf5 Re8 30. Nxd4 cxd4 31. Rxd4 Qe7 32. e5 Qc5 33. Rd8 Rxd8 34.
Qxd8+ Qf8 35. Qxb6 Qa8 36. Bg5 h6 37. Bxh6 Qf3 38. Qd8+ Kh7 39. Qd2 Be4 40. Kf1
Qh1+ 41. Ke2 Qf3+ 42. Ke1 Qh1+ 43. Ke2 Bf3+ 44. Kd3 Qb1+ 45. Kc3 Qa1+ 46. Kb4
Qxe5 47. Be3 a5+ 48. Ka3 Qe7+ 49. Kb2 Qe5+ 50. Qd4 Qf5 51. Kc3 Bg4 52. Qd3 Qxd3+
53. Kxd3 Kg6 54. Kc4 Bd7 55. Bd2 a4 56. bxa4 Bxa4 57. Kb4 Bc6 58. a4 Kf5 59. a5
Ke4 60. Kc5 Ba8 61. h4 Kf3 62. Be3 f5 63. a6 f4 64. Bxf4 Kxf2 65. a7 Kf3 66. Kb6
Kg4 67. Kc7 Be4 68. Kb8 Kf5 69. a8=Q Bxa8 70. Kxa8 1-0

[Event "Titled Tue 1st Jul Late"]
[Site "chess.com INT"]
[Date "2025.07.01"]
[Round "7"]
[White "Tikhonov, Viacheslav"]
[Black "Ragger, Markus"]
[Result "0-1"]
[WhiteTitle "CM"]
[BlackTitle "GM"]
[WhiteElo "2183"]
[BlackElo "2566"]
[WhiteFideId "44196407"]
[BlackFideId "1610856"]
[EventDate "2025.07.01"]

1. e4 e5 2. Nf3 Nc6 3. Bc4 Nf6 4. Ng5 d5 5. exd5 Na5 6. Bb5+ c6 7. dxc6 bxc6 8.
Be2 h6 9. Nh3 Bd6 10. d3 O-O 11. Nc3 c5 12. Bf3 Rb8 13. Ne4 Bc7 14. Nxf6+ Qxf6
15. O-O c4 16. Kh1 cxd3 17. cxd3 Rd8 18. Qc2 Bb6 19. Ng1 Ba6 20. Be2 e4 21. dxe4
Rbc8 22. Qa4 Rd4 23. Qa3 Bb7 24. Be3 Rxe4 25. Bxb6 axb6 26. Bf3 Rec4 27. Bxb7
Nxb7 28. Nf3 Nc5 29. Qe3 Re4 30. Qc3 Qxc3 31. bxc3 Na4 32. Nd2 Re2 33. Nb3 Rxc3
34. Kg1 Rb2 35. Rfb1 Rcc2 36. Rxb2 Rxb2 37. Nd4 Nc3 38. Kf1 Nxa2 39. Nc6 g6 40.
g3 Kg7 41. Rd1 Nc3 42. Rd7 Ne4 43. Ne5 Rxf2+ 44. Ke1 Rf5 45. Nd3 Nc5 46. Nxc5
Rxc5 47. Rb7 Rb5 48. Kf2 Rb2+ 49. Kg1 b5 50. h4 b4 51. Rb6 b3 52. Kf1 Rb1+ 53.
Kg2 b2 54. Kh2 f5 55. Kg2 g5 56. hxg5 hxg5 57. Rb7+ Kf8 58. Rb6 Ke7 59. Rb7+ Kd6
60. Rb8 f4 61. gxf4 gxf4 62. Rb6+ Kc7 63. Rb3 f3+ 64. Kf2 Rh1 65. Kg3 b1=Q 66.
Rc3+ Kd6 67. Rc4 Qg1+ 0-1

[Event "Titled Tue 1st Jul Late"]
[Site "chess.com INT"]
[Date "2025.07.01"]
[Round "7"]
[White "Boci, Mateu"]
[Black "Szpar, Milosz"]
[Result "0-1"]
[WhiteTitle "FM"]
[BlackTitle "IM"]
[WhiteElo "2274"]
[BlackElo "2495"]
[WhiteFideId "4704665"]
[BlackFideId "1184989"]
[EventDate "2025.07.01"]

1. e4 e6 2. d4 d5 3. Nd2 c5 4. Ngf3 Nc6 5. exd5 exd5 6. Bb5 Bd6 7. O-O Ne7 8.
dxc5 Bxc5 9. Nb3 Bd6 10. h3 O-O 11. Re1 h6 12. c3 Nf5 13. Nbd4 Ncxd4 14. Nxd4
Nh4 15. Bf1 Qf6 16. g3 Ng6 17. Bg2 a6 18. Bxd5 Bxh3 19. Bxb7 Rad8 20. Bg2 Bxg2
21. Kxg2 Bc5 22. Be3 Ne5 23. Qe2 Rfe8 24. Rad1 Qg6 25. Bf4 Bxd4 26. Bxe5 Rxe5
27. Qxe5 Bxe5 28. Rxd8+ Kh7 29. Rxe5 Qc2 30. Rb8 Qa4 31. a3 Kg6 32. Rb6+ f6 33.
Re7 Qa5 34. Rbb7 Qd5+ 35. f3 Qd2+ 36. Kh3 Qf2 37. Kg4 f5+ 38. Kf4 Qd2+ 39. Ke5
Qe3+ 40. Kd6 Qxf3 41. Rxg7+ Kh5 42. Rbf7 Qd3+ 43. Kc5 Qb5+ 44. Kd4 Qa4+ 45. Ke5
Qe4+ 46. Kd6 Qd3+ 47. Ke6 Qe4+ 48. Kf6 f4 49. gxf4 Qxf4+ 50. Ke6 Qe4+ 51. Kd6
Kh4 52. Re7 Qf4+ 53. Kd5 Qd2+ 54. Kc4 h5 55. Re4+ Kh3 56. Rge7 Qxb2 57. Re3+ Kg4
58. R7e4+ Kf5 59. Re5+ Kg6 60. Rg3+ Kf6 61. Rxh5 Qe2+ 62. Rd3 Qxh5 63. Rd6+ Ke7
64. Rd4 Qb5# 0-1

[Event "Titled Tue 1st Jul Late"]
[Site "chess.com INT"]
[Date "2025.07.01"]
[Round "7"]
[White "Craciun, Sasha-Matei"]
[Black "Pakleza, Zbigniew"]
[Result "1-0"]
[WhiteTitle "FM"]
[BlackTitle "GM"]
[WhiteElo "2320"]
[BlackElo "2484"]
[WhiteFideId "1281186"]
[BlackFideId "1119290"]
[EventDate "2025.07.01"]

1. e4 d6 2. d4 Nf6 3. Bd3 e5 4. dxe5 dxe5 5. Nf3 Nbd7 6. O-O c6 7. Re1 Be7 8. c3
O-O 9. Qc2 Qc7 10. a4 a5 11. h3 Nc5 12. Bc4 Be6 13. Bxe6 fxe6 14. Bg5 h6 15.
Bxf6 Rxf6 16. Nbd2 Raf8 17. b4 Na6 18. bxa5 Bc5 19. Re2 Rg6 20. Qb3 Ba7 21. Kh2
Nc5 22. Qc4 Qxa5 23. Rb1 Kh7 24. g3 Rgf6 25. Kg2 Nxa4 26. Rxb7 Nxc3 27. Rxa7
Qxa7 28. Qxc3 Qa6 29. Re3 Qb5 30. Qc4 Rd8 31. Qxb5 cxb5 32. Rb3 Rb8 33. Nxe5 Rb7
34. Ndf3 Rf8 35. Nd4 Ra8 36. Nec6 Ra6 37. e5 Ra4 38. Kf3 b4 39. Ke4 Ra3 40. Rxb4
Rc7 41. f4 Rxg3 42. Nd8 Rxh3 43. N8xe6 Rc1 44. Rb7 Re1+ 45. Kd5 Rg3 46. Nf5 Rg2
47. Nfxg7 Rd2+ 48. Nd4 Kg6 49. Ne6 Kh5 50. f5 Rf1 51. f6 Kg4 52. f7 h5 53. f8=Q
Rxf8 54. Nxf8 h4 55. Rg7+ Kh3 56. Ng6 Kh2 57. Nf4 h3 58. Ke4 Kh1 59. Nf3 h2 60.
Nxh2 Rc2 61. Rg2 Rc4+ 62. Kd5 Ra4 63. Re2 Ra5+ 64. Ke6 Ra6+ 65. Kf5 Ra8 66. Ng4
Rf8+ 67. Ke4 Ra8 68. Re1# 1-0

[Event "Titled Tue 1st Jul Late"]
[Site "chess.com INT"]
[Date "2025.07.01"]
[Round "7"]
[White "Sheehan, Ethan"]
[Black "Baturin-Vinogradov, Miroslav"]
[Result "1-0"]
[BlackTitle "CM"]
[WhiteElo "2364"]
[BlackElo "2046"]
[WhiteFideId "30943965"]
[BlackFideId "55745741"]
[EventDate "2025.07.01"]

1. d4 Nf6 2. Nf3 g6 3. c4 Bg7 4. Nc3 O-O 5. e4 d6 6. Be2 e5 7. O-O Nbd7 8. Re1
c6 9. Bf1 Qc7 10. b4 a5 11. b5 exd4 12. Nxd4 Nc5 13. f3 Re8 14. Be3 Nfd7 15. Qd2
Ne5 16. Rad1 a4 17. Nc2 Bf8 18. Bd4 Be6 19. Ne3 Ncd7 20. f4 Ng4 21. f5 Nxe3 22.
fxe6 Nxd1 23. exd7 Qxd7 24. Rxd1 Qe6 25. Qf4 Rad8 26. h3 Bg7 27. Qd2 Bxd4+ 28.
Qxd4 a3 29. Rd3 Qe5 30. Qxe5 dxe5 31. Kf2 Rd4 32. bxc6 bxc6 33. Rf3 Rb8 34. Be2
Rb2 35. Ke1 Rc2 36. g4 h6 37. h4 Kg7 38. h5 g5 39. Bd1 Rc1 40. c5 Rc4 41. Kd2
Ra1 42. Bb3 Rd4+ 43. Kc2 f6 44. Rd3 Rxd3 45. Kxd3 Rg1 46. Be6 Kf8 47. Kc4 Ke7
48. Bf5 Rg3 49. Kb4 Kd8 50. Na4 Kc7 51. Nb6 Rd3 52. Nc4 Rh3 53. Nxa3 Rh2 54. Kb3
Rh3+ 55. Kb2 Rh2+ 56. Nc2 Kb7 57. Kb3 Ka6 58. a4 Ka5 59. Nb4 Rh3+ 60. Kc4 Rh1
61. Nxc6+ Kxa4 62. Ne7 Rd1 63. c6 Ka5 64. Kc5 Ka6 65. c7 1-0

[Event "Titled Tue 1st Jul Late"]
[Site "chess.com INT"]
[Date "2025.07.01"]
[Round "7"]
[White "Wang, Justin Zhide"]
[Black "Nihal, Sarin"]
[Result "1-0"]
[WhiteTitle "CM"]
[BlackTitle "GM"]
[WhiteElo "2085"]
[BlackElo "2696"]
[WhiteFideId "4312830"]
[BlackFideId "25092340"]
[EventDate "2025.07.01"]

1. e4 c6 2. d4 d5 3. e5 c5 4. dxc5 e6 5. Nf3 Bxc5 6. a3 Nc6 7. b4 Bb6 8. Bb2
Nge7 9. Bd3 Ng6 10. O-O O-O 11. Re1 Nf4 12. c4 Nxd3 13. Qxd3 dxc4 14. Qxc4 Qd5
15. Qc2 Rd8 16. Nc3 Qd3 17. Qxd3 Rxd3 18. Rad1 Rd8 19. Rxd8+ Bxd8 20. Rd1 Be7
21. Nb5 Rb8 22. Nd6 a6 23. h3 h6 24. Bc3 Kf8 25. Nd2 Bxd6 26. exd6 Bd7 27. Ne4
b6 28. Bd2 f6 29. Be3 e5 30. Nc3 Kf7 31. Nd5 b5 32. Bc5 Be6 33. Nc7 a5 34. bxa5
Nxa5 35. d7 Nb7 36. Bb6 Nd8 37. Rd6 Ke7 38. Bc5 Kf7 39. g4 Nb7 40. Rxe6 Nxc5 41.
Rd6 Ke7 42. d8=Q+ Rxd8 43. Rxd8 Kxd8 44. Nxb5 Kd7 45. Nc3 g6 46. Kg2 f5 47. gxf5
gxf5 48. a4 Kc6 49. Kf3 Ne6 50. h4 Kc5 51. Nb5 Kb4 52. Nd6 Ng7 53. Nf7 e4+ 54.
Kf4 h5 55. Nh6 Kxa4 56. Nxf5 Ne6+ 57. Kxe4 Kb4 58. Ng3 Ng7 59. Ke5 Kc4 60. f4
Kd3 61. f5 Ne8 62. f6 Nc7 63. f7 Nb5 64. f8=Q Nc3 65. Qf3+ Kc4 66. Qxc3+ Kxc3
67. Nxh5 1-0

[Event "Titled Tue 1st Jul Late"]
[Site "chess.com INT"]
[Date "2025.07.01"]
[Round "7"]
[White "Siekanska, Zuzanna"]
[Black "Garcia Hernandez, Rebeca"]
[Result "0-1"]
[WhiteTitle "WCM"]
[BlackTitle "WCM"]
[WhiteElo "1864"]
[BlackElo "1904"]
[WhiteFideId "21852537"]
[BlackFideId "5180872"]
[EventDate "2025.07.01"]

1. e4 c5 2. c3 Nf6 3. Bd3 d6 4. Bc2 Nc6 5. h3 d5 6. exd5 Qxd5 7. Nf3 e6 8. O-O
Be7 9. Re1 O-O 10. d3 b6 11. Nbd2 Bb7 12. Ne4 Rad8 13. Bf4 c4 14. d4 Qd7 15.
Nfg5 Nxe4 16. Bxe4 Bxg5 17. Bxg5 Ne7 18. Qh5 h6 19. Bd2 Nf5 20. g4 Ne7 21. Bc2
Qd5 22. Qxd5 Nxd5 23. Re5 b5 24. Rae1 a6 25. a3 a5 26. f4 Bc6 27. Be4 Ne7 28.
Bxc6 Nxc6 29. Rxb5 Rb8 30. Rxb8 Rxb8 31. Bc1 a4 32. Re4 Rb3 33. Kf2 Rb5 34. Kf3
Kf8 35. Re2 Ke7 36. Ke3 Na5 37. Kd2 Nb3+ 38. Kc2 Na1+ 39. Kb1 Nb3 40. f5 Kf6 41.
fxe6 fxe6 42. Rf2+ Ke7 43. Re2 Kf6 44. Bf4 Ke7 45. Be5 g5 46. Bg7 Kf7 47. Bxh6
Na5 48. Re5 Rxe5 49. dxe5 Kg6 50. Bf8 Nc6 51. Bd6 Kf7 52. Kc2 Ke8 53. Kd2 Kd7
54. Ke3 Ke8 55. Ke4 Kf7 56. Bc5 Ke8 57. Be3 Kf7 58. Bxg5 Kg6 59. Bf4 Kf7 60. h4
Na5 61. h5 Nb3 62. g5 Nc5+ 63. Kd4 Nd3 64. g6+ Kg7 65. Bg5 Nxb2 66. Kc5 Kg8 67.
Kb4 Kg7 0-1